[Event "Wijk aan Zee II"]
[Site "?"]
[Date "1983.??.??"]
[Round "1"]
[White "Franco, Zenon"]
[Black "Sowray, Peter J"]
[Result "0-1"]
[WhiteElo "2500"]
[BlackElo "2325"]
[PlyCount "254"]
[EventDate "1983.??.??"]

1. d4 d5 2. Nf3 Nc6 3. g3 Bg4 4. Bg2 Qd7 5. h3 Bf5 6. g4 Bg6 7. Nh4 e6 8. Nxg6
hxg6 9. c3 Nf6 10. Be3 Bd6 11. Nd2 O-O-O 12. Qa4 Kb8 13. O-O-O Qe8 14. Kb1 Nd7
15. c4 Nb6 16. Qc2 Be7 17. c5 Nc8 18. f4 a6 19. a3 Bf6 20. Nf3 N8a7 21. Bf2 Nb5
22. e3 Rc8 23. Bf1 Bd8 24. Ka2 f6 25. Bg3 g5 26. Bg2 gxf4 27. exf4 Qf7 28. Rhe1
Re8 29. Qe2 Re7 30. Qe3 Na5 31. Bf1 Qe8 32. Bd3 Ka8 33. Qd2 Nc6 34. Bf2 Qd7 35.
Re2 Qe8 36. Rde1 Rb8 37. Bc2 Qf7 38. Ka1 Qe8 39. a4 Nba7 40. Nh4 g5 41. Ng6 Rh7
42. Rxe6 Qf7 43. h4 gxh4 44. Nxh4 Rg7 45. Nf5 Rg6 46. Re8 Qd7 47. Nh4 Rg7 48.
Bf5 Qf7 49. Rh8 Be7 50. Be6 Rxh8 51. Bxf7 Rxf7 52. Kb1 Bd8 53. f5 a5 54. Bg3
Kb8 55. Ng6 Rg8 56. Bf4 Rh7 57. Qe3 Nb4 58. Qe6 Rgg7 59. Qe8 Nac6 60. g5 Ka7
61. gxf6 Bxf6 62. Be5 Rf7 63. Rf1 Nxd4 64. Bxf6 Rxf6 65. Ne7 Rfh6 66. Nc8+ Ka6
67. f6 Rh2 68. Qe3 Ndc2 69. Qe8 Nd4 70. Qe3 Ndc2 71. Qg3 Nd4 72. f7 Rxf7 73.
Qg1 Rxf1+ 74. Qxf1+ Re2 75. b3 c6 76. Qd1 Re4 77. Qf1+ Ne2 78. Qf3 Nf4 79. Kc1
Re2 80. Kd1 Nbd3 81. Nd6 Nb2+ 82. Kc1 d4 83. Nc4 Rf2 84. Qg4 Nfd3+ 85. Kb1 Nxc4
86. bxc4 Rb2+ 87. Ka1 Rb4 88. Qxd4 Rxa4+ 89. Kb1 Rb4+ 90. Kc2 Nb2 91. Qd8 Nxc4
92. Qa8+ Kb5 93. Qxb7+ Kxc5 94. Qe7+ Kb5 95. Qg5+ Ka6 96. Qc5 Nb6 97. Kd3 Rc4
98. Qd6 a4 99. Qf8 Kb5 100. Qe7 Rc3+ 101. Kd2 Nd5 102. Qb7+ Kc5 103. Qa7+ Kb4
104. Qb7+ Kc5 105. Qa7+ Kb4 106. Qb7+ Ka3 107. Qb1 Rb3 108. Qa1+ Kb4 109. Qd4+
Kb5 110. Qa7 a3 111. Kc2 Rc3+ 112. Kb1 Kc4 113. Qa6+ Kb3 114. Qb7+ Nb4 115.
Qf7+ Rc4 116. Qf3+ Ka4 117. Qd1+ Rc2 118. Ka1 c5 119. Kb1 Kb3 120. Ka1 Ka4 121.
Kb1 Kb3 122. Ka1 Kc3 123. Qf3+ Nd3 124. Qf6+ Kb3 125. Qf7+ c4 126. Qb7+ Nb4
127. Qf3+ Rc3 0-1

[Event "Wijk aan Zee II"]
[Site "?"]
[Date "1983.??.??"]
[Round "1"]
[White "Kuijf, Marinus"]
[Black "Bohm, Hans"]
[Result "1-0"]
[WhiteElo "2385"]
[BlackElo "2380"]
[PlyCount "195"]
[EventDate "1983.??.??"]

1. e4 Nf6 2. e5 Nd5 3. d4 d6 4. Nf3 Bg4 5. Be2 c6 6. c4 Nb6 7. Nbd2 N8d7 8. Ng5
Bxe2 9. e6 fxe6 10. Qxe2 e5 11. Nde4 Nxc4 12. Qxc4 d5 13. Qb3 Qb6 14. Ne6 dxe4
15. Qxb6 Nxb6 16. Nc7+ Kd7 17. Nxa8 Nxa8 18. dxe5 Nc7 19. O-O Ke6 20. Be3 a6
21. Rad1 Nd5 22. Bd4 g5 23. Rfe1 Kf5 24. Bc3 Bg7 25. Rd4 Nxc3 26. bxc3 Bxe5 27.
Rdxe4 Bf6 28. g4+ Kg6 29. Rd1 Rb8 30. c4 b5 31. c5 b4 32. Re6 Rc8 33. Rd7 Kf7
34. Re4 Rb8 35. Rc7 b3 36. axb3 Rxb3 37. Rc4 Ke6 38. Ra4 Kd5 39. Rxa6 Kxc5 40.
Rcxc6+ Kd4 41. Kg2 Rb8 42. Ra3 h5 43. gxh5 Rh8 44. Rca6 Ke4 45. Re3+ Kf5 46.
Ra5+ Kg4 47. Rh3 Rh6 48. Ra8 Be5 49. Rf8 Bf6 50. Rg8 Kf5 51. Re3 Rxh5 52. Rh3
Rxh3 53. Kxh3 Kf4 54. Kg2 g4 55. Ra8 Bh4 56. Rf8+ Bf6 57. Rb8 Be5 58. Rb4+ Kf5
59. Rb7 Bd6 60. Rb5+ Ke4 61. Rg5 Kf4 62. Rd5 Ke4 63. Rd2 Kf4 64. Rd4+ Kf5 65.
Rd3 Ke4 66. Rc3 Kf4 67. f3 gxf3+ 68. Rxf3+ Kg5 69. Rd3 Kf5 70. h3 Be5 71. h4
Bf6 72. Kg3 Be5+ 73. Kh3 Bf6 74. Rg3 e6 75. Rf3+ Kg6 76. Kg4 Bb2 77. Rf4 Bc3
78. Rf2 Bd4 79. Rd2 Bc5 80. Rd3 Kf6 81. Rf3+ Kg7 82. h5 Bb4 83. Re3 Bd2 84.
Rxe6 Bc1 85. Re7+ Kh6 86. Re2 Kg7 87. Re1 Bd2 88. Rd1 Be3 89. Rd7+ Kh6 90. Rd6+
Kg7 91. Kf5 Bc1 92. Rg6+ Kh7 93. h6 Bf4 94. Rg7+ Kxh6 95. Rg6+ Kh7 96. Kf6 Be5+
97. Kf7 Kh8 98. Rh6# 1-0

[Event "Wijk aan Zee II"]
[Site "?"]
[Date "1983.??.??"]
[Round "1"]
[White "Ligterink, Gert"]
[Black "Trois, Francisco RT"]
[Result "1-0"]
[WhiteElo "2440"]
[BlackElo "2395"]
[PlyCount "75"]
[EventDate "1983.??.??"]

1. d4 Nf6 2. c4 d6 3. Nc3 Nbd7 4. e4 e5 5. Nf3 Be7 6. Be2 O-O 7. O-O c6 8. Qc2
Qc7 9. Rd1 Re8 10. Rb1 a5 11. a3 a4 12. h3 Bf8 13. Be3 Qa5 14. d5 Nc5 15. Nd2
Bd7 16. b4 axb3 17. Nxb3 Nxb3 18. Rxb3 Qc7 19. Bg5 Be7 20. c5 dxc5 21. d6 Bxd6
22. Bxf6 gxf6 23. Qd2 Be6 24. Nd5 Bxd5 25. exd5 e4 26. dxc6 Rad8 27. Qh6 Bh2+
28. Kh1 Rxd1+ 29. Bxd1 Bf4 30. Qxf6 Re6 31. Qf5 Rxc6 32. Bc2 c4 33. Rb5 f6 34.
Bxe4 Rd6 35. Bd5+ Rxd5 36. Qxd5+ Qf7 37. Qe4 Be5 38. Rxb7 1-0

[Event "Wijk aan Zee II"]
[Site "?"]
[Date "1983.??.??"]
[Round "1"]
[White "Nijboer, Friso"]
[Black "Votruba, Pavel"]
[Result "1/2-1/2"]
[WhiteElo "2285"]
[BlackElo "2330"]
[PlyCount "143"]
[EventDate "1983.??.??"]

1. c4 e6 2. Nf3 d5 3. g3 Nf6 4. Bg2 dxc4 5. Qa4+ Nbd7 6. O-O c5 7. Qxc4 b6 8.
b3 Bb7 9. Bb2 Rc8 10. Qc2 Be7 11. d3 O-O 12. Nbd2 Nd5 13. Rac1 Bf6 14. Rfd1 Qe7
15. Bxf6 N7xf6 16. Qb2 Nb4 17. d4 cxd4 18. Nxd4 Bxg2 19. Kxg2 Qb7+ 20. Kg1 b5
21. a4 a6 22. axb5 axb5 23. Nb1 Nbd5 24. b4 Qe7 25. Na3 Qxb4 26. Qxb4 Nxb4 27.
Naxb5 g6 28. Nf3 Nbd5 29. Ne5 Rb8 30. Nd6 Rb6 31. Nec4 Rc6 32. e4 Nb6 33. Ne5
Rxc1 34. Rxc1 Nbd7 35. Nxd7 Nxd7 36. Rc7 Nf6 37. Re7 Ng4 38. h3 Ne5 39. f4 Nc6
40. Rc7 Nd8 41. e5 f6 42. exf6 Rxf6 43. Re7 Nc6 44. Re8+ Rf8 45. Rxe6 Nd4 46.
Re7 Nf5 47. Nxf5 Rxf5 48. Kf2 Ra5 49. Kf3 Ra3+ 50. Re3 Ra5 51. h4 h5 52. Re5
Ra3+ 53. Kg2 Kf7 54. Rg5 Kf6 55. f5 gxf5 56. Rxh5 Ra8 57. Rh6+ Kg7 58. Re6 Ra3
59. Kf2 Rb3 60. Re3 Rb4 61. Kf3 Kf6 62. Ra3 Re4 63. Ra6+ Kg7 64. h5 Rb4 65.
Rg6+ Kf7 66. Kg2 Rg4 67. Rxg4 fxg4 68. Kf2 Kg7 69. Ke3 Kh6 70. Kf4 Kxh5 71. Kf5
Kh6 72. Kxg4 1/2-1/2

[Event "Wijk aan Zee II"]
[Site "?"]
[Date "1983.??.??"]
[Round "1"]
[White "Van der Sterren, Paul"]
[Black "Van Wijgerden, Cor"]
[Result "1-0"]
[WhiteElo "2460"]
[BlackElo "2440"]
[PlyCount "59"]
[EventDate "1983.??.??"]

1. e4 d6 2. d4 Nf6 3. Nc3 g6 4. Nf3 Bg7 5. Be2 O-O 6. O-O c6 7. e5 dxe5 8. Nxe5
Be6 9. Re1 Nbd7 10. Bf4 Nxe5 11. Bxe5 Qd7 12. Na4 b6 13. c4 Ne4 14. Bxg7 Kxg7
15. Nc3 Nf6 16. Qd2 Rad8 17. Rad1 Qd6 18. h3 Qb4 19. b3 Rd6 20. Qb2 Rd7 21. a3
Qd6 22. d5 cxd5 23. cxd5 Bf5 24. g4 Qf4 25. gxf5 Qxf5 26. Bf1 Kg8 27. Bg2 Rc8
28. Ne4 Nxe4 29. Rxe4 Rdc7 30. Qd4 1-0

[Event "Wijk aan Zee II"]
[Site "?"]
[Date "1983.??.??"]
[Round "2"]
[White "Bohm, Hans"]
[Black "Trois, Francisco RT"]
[Result "1-0"]
[WhiteElo "2380"]
[BlackElo "2395"]
[PlyCount "111"]
[EventDate "1983.??.??"]

1. d4 Nf6 2. c4 c5 3. Nf3 cxd4 4. Nxd4 b6 5. Nc3 Bb7 6. Bg5 a6 7. f3 e6 8. e4
h6 9. Be3 d6 10. Be2 Nbd7 11. O-O Be7 12. Qd2 Rc8 13. Rfd1 Qc7 14. Rac1 O-O 15.
Bf2 Qb8 16. Nc2 Rfe8 17. Ne3 Ne5 18. a3 Ng6 19. Bf1 Nd7 20. b4 Nde5 21. Qd4 Nc6
22. Qd2 Nce5 23. Kh1 h5 24. Na4 Ba8 25. Qd4 Nd7 26. Bg3 Rc6 27. c5 bxc5 28.
bxc5 Qc8 29. Rb1 Nxc5 30. Nxc5 dxc5 31. Qa4 Bb7 32. Nc4 h4 33. Bf2 Rd8 34. Rdc1
Qc7 35. Be3 Ba8 36. Kg1 Rb8 37. Qa5 Rxb1 38. Rxb1 Qxa5 39. Nxa5 Rc8 40. Bxa6
Rd8 41. Nc4 h3 42. g3 f5 43. exf5 exf5 44. Kf2 Kh7 45. a4 f4 46. gxf4 Bh4+ 47.
Ke2 Re8 48. Ne5 Nxe5 49. fxe5 Rxe5 50. Rg1 Bc6 51. Bd3+ Kg8 52. a5 Bd8 53. a6
Kf8 54. f4 Rxe3+ 55. Kxe3 c4 56. Rg6 1-0

[Event "Wijk aan Zee II"]
[Site "?"]
[Date "1983.??.??"]
[Round "2"]
[White "Kuijf, Marinus"]
[Black "Franco, Zenon"]
[Result "1-0"]
[WhiteElo "2385"]
[BlackElo "2500"]
[PlyCount "89"]
[EventDate "1983.??.??"]

1. e4 c5 2. Ne2 Nf6 3. Nbc3 d5 4. exd5 Nxd5 5. Nxd5 Qxd5 6. d4 e5 7. Nc3 Qxd4
8. Be3 Qb4 9. Qd5 Be6 10. Bb5+ Qxb5 11. Qxe6+ fxe6 12. Nxb5 Kd7 13. O-O-O+ Kc6
14. Rd8 Kxb5 15. Rhd1 g6 16. Rc8 Bg7 17. Rxc5+ Ka6 18. b4 b6 19. Rc7 Bf8 20.
Rd8 Kb5 21. Rcc8 Nc6 22. Rxa8 Nxd8 23. Rxd8 Kxb4 24. Ra8 Kb5 25. Rxa7 Bc5 26.
Kd2 Bxe3+ 27. Kxe3 Rc8 28. Kd3 e4+ 29. Kd2 Rf8 30. Ke3 Rc8 31. Rxh7 Rxc2 32.
Rg7 Rxa2 33. Rxg6 Kc5 34. Rxe6 b5 35. Re5+ Kc4 36. Rxe4+ Kc3 37. Re8 b4 38.
Rc8+ Kb2 39. h4 Ra3+ 40. Kf4 Rc3 41. Rb8 b3 42. h5 Rc4+ 43. Kg5 Rc2 44. g4 Rxf2
45. h6 1-0

[Event "Wijk aan Zee II"]
[Site "?"]
[Date "1983.??.??"]
[Round "2"]
[White "Sowray, Peter J"]
[Black "Van der Sterren, Paul"]
[Result "1-0"]
[WhiteElo "2325"]
[BlackElo "2460"]
[PlyCount "61"]
[EventDate "1983.??.??"]

1. e4 d6 2. d4 Nf6 3. Nd2 e5 4. c3 Nbd7 5. Ngf3 Be7 6. Bc4 O-O 7. Bb3 b5 8. Qe2
Rb8 9. d5 a5 10. Bc2 Bb7 11. O-O c6 12. dxc6 Bxc6 13. Rd1 Qc7 14. Nf1 Rfe8 15.
Ng3 g6 16. Bg5 Bf8 17. Rd2 h6 18. Bxf6 Nxf6 19. h4 h5 20. Ng5 Nh7 21. Nxh7 Kxh7
22. Rad1 Qd8 23. Bb3 Kg7 24. Bd5 Bxd5 25. Rxd5 Qxh4 26. Rxb5 Rxb5 27. Qxb5 Ra8
28. Qd5 Rb8 29. b3 Qg4 30. Rd3 Be7 31. Nf5+ 1-0

[Event "Wijk aan Zee II"]
[Site "?"]
[Date "1983.??.??"]
[Round "2"]
[White "Van Wijgerden, Cor"]
[Black "Nijboer, Friso"]
[Result "1/2-1/2"]
[WhiteElo "2440"]
[BlackElo "2285"]
[PlyCount "37"]
[EventDate "1983.??.??"]

1. e4 Nf6 2. e5 Nd5 3. d4 d6 4. Nf3 Bg4 5. Be2 c6 6. c4 Nc7 7. Qb3 dxe5 8. dxe5
Qc8 9. O-O Nd7 10. Bf4 Ne6 11. Bg3 g6 12. h3 Bxf3 13. Qxf3 Qc7 14. Qe3 Qb6 15.
Qxb6 axb6 16. Nc3 Bh6 17. Bg4 Ndc5 18. Rad1 Rd8 19. Rxd8+ 1/2-1/2

[Event "Wijk aan Zee II"]
[Site "?"]
[Date "1983.??.??"]
[Round "2"]
[White "Votruba, Pavel"]
[Black "Ligterink, Gert"]
[Result "1/2-1/2"]
[WhiteElo "2330"]
[BlackElo "2440"]
[PlyCount "29"]
[EventDate "1983.??.??"]

1. Nf3 c5 2. c4 Nf6 3. Nc3 Nc6 4. e3 e6 5. d4 d5 6. a3 Ne4 7. Bd3 Nxc3 8. bxc3
dxc4 9. Bxc4 Be7 10. O-O O-O 11. Qe2 b6 12. Rd1 Bb7 13. Bb2 cxd4 14. cxd4 Na5
15. Bd3 1/2-1/2

[Event "Wijk aan Zee II"]
[Site "?"]
[Date "1983.??.??"]
[Round "3"]
[White "Franco, Zenon"]
[Black "Bohm, Hans"]
[Result "1-0"]
[WhiteElo "2500"]
[BlackElo "2380"]
[PlyCount "65"]
[EventDate "1983.??.??"]

1. c4 c5 2. Nf3 Nf6 3. Nc3 d5 4. cxd5 Nxd5 5. d4 Nxc3 6. bxc3 g6 7. e4 Bg7 8.
Rb1 Qa5 9. Rb5 Qxc3+ 10. Bd2 Qa3 11. Ra5 Qb2 12. Rxc5 Na6 13. Bb5+ Kf8 14. Bxa6
bxa6 15. O-O Bg4 16. d5 h6 17. Rc2 Qa3 18. Be3 g5 19. Bc5 Qa5 20. Bd4 Rg8 21.
Qc1 Bxd4 22. Nxd4 Bd7 23. Rc7 Qb6 24. Qc3 Rd8 25. Rc1 Rg6 26. Nb3 Rf6 27. Qc5
Qb5 28. Qe3 Qb6 29. Nc5 Ke8 30. Rb7 Qa5 31. Nxd7 Rxd7 32. Rxd7 Kxd7 33. Qxa7+
1-0

[Event "Wijk aan Zee II"]
[Site "?"]
[Date "1983.??.??"]
[Round "3"]
[White "Ligterink, Gert"]
[Black "Van Wijgerden, Cor"]
[Result "0-1"]
[WhiteElo "2440"]
[BlackElo "2440"]
[PlyCount "112"]
[EventDate "1983.??.??"]

1. d4 d6 2. c4 f5 3. Nc3 Nf6 4. Bg5 e6 5. e4 fxe4 6. Bxf6 Qxf6 7. Nxe4 Qh6 8.
Nf3 Be7 9. Bd3 O-O 10. O-O Nc6 11. Re1 Bd7 12. Rc1 Rf7 13. Qd2 Rxf3 14. Qxh6
gxh6 15. gxf3 Nxd4 16. Kh1 Nxf3 17. Re3 Rf8 18. Be2 Ne5 19. Rg1+ Kh8 20. Reg3
Bc6 21. f3 Bg5 22. R1g2 Ng6 23. Rg1 Be3 24. Rd1 Bf4 25. Rgg1 Be5 26. b3 Nh4 27.
Rdf1 Rf4 28. Rg3 Ng6 29. Rh3 Rf8 30. Rxh6 Bg7 31. Rxg6 hxg6 32. Rg1 Rf4 33. Ng5
Bf6 34. Nxe6 Rxf3 35. Bxf3 Bxf3+ 36. Rg2 c6 37. Kg1 Bxg2 38. Kxg2 Kg8 39. Nf4
Kf7 40. h3 Be5 41. Nd3 Kf6 42. Kf3 Kf5 43. Ke3 Bg7 44. Kf3 Bh6 45. Nf2 Bd2 46.
Ne4 Bb4 47. Nf2 Bc5 48. Nd3 Bd4 49. Nf4 Bf6 50. Nd3 Bg5 51. a4 a5 52. c5 d5 53.
b4 axb4 54. Nxb4 Be7 55. Nd3 d4 56. a5 Bf8 0-1

[Event "Wijk aan Zee II"]
[Site "?"]
[Date "1983.??.??"]
[Round "3"]
[White "Nijboer, Friso"]
[Black "Sowray, Peter J"]
[Result "1-0"]
[WhiteElo "2285"]
[BlackElo "2325"]
[PlyCount "105"]
[EventDate "1983.??.??"]

1. c4 e5 2. Nc3 Nf6 3. g3 c6 4. Nf3 e4 5. Nd4 d5 6. cxd5 cxd5 7. d3 Bc5 8. Nb3
Bb4 9. dxe4 Nxe4 10. Bd2 Nc6 11. Bg2 Bf5 12. O-O O-O 13. Rc1 Nxd2 14. Nxd2 d4
15. Nd5 Bd6 16. Nb3 Be5 17. Nc5 Rb8 18. Qd2 Qd6 19. f4 Bf6 20. Nxb7 Rxb7 21.
Nxf6+ Qxf6 22. Rxc6 Qe7 23. Re1 Rd7 24. b3 Be4 25. Bxe4 Qxe4 26. Rc4 h5 27. Qd3
Qd5 28. Rec1 Qe6 29. Rc5 Rd5 30. e4 Rxc5 31. Rxc5 Qb6 32. Rxh5 Rc8 33. Rd5 Qb4
34. Rxd4 Qe1+ 35. Kg2 Rc1 36. Kh3 Rc6 37. Rd8+ Kh7 38. e5+ g6 39. Qd7 Qf1+ 40.
Kh4 g5+ 41. fxg5 Rc2 42. h3 Rf2 43. Qd3+ Qxd3 44. Rxd3 Rxa2 45. Rd7 Kg6 46.
Rd6+ Kg7 47. e6 fxe6 48. Rxe6 Rb2 49. Re7+ Kg6 50. Rxa7 Rxb3 51. Ra6+ Kg7 52.
Ra4 Kg6 53. Kg4 1-0

[Event "Wijk aan Zee II"]
[Site "?"]
[Date "1983.??.??"]
[Round "3"]
[White "Trois, Francisco RT"]
[Black "Votruba, Pavel"]
[Result "0-1"]
[WhiteElo "2395"]
[BlackElo "2330"]
[PlyCount "80"]
[EventDate "1983.??.??"]

1. g3 d5 2. Bg2 Nf6 3. d3 c5 4. Nf3 Nc6 5. O-O e6 6. Nbd2 Be7 7. a4 O-O 8. Re1
a6 9. e4 Kh8 10. c3 Rb8 11. e5 Ng8 12. Nb3 Bd7 13. Be3 b6 14. h4 f6 15. exf6
gxf6 16. d4 cxd4 17. cxd4 Qe8 18. Bf4 Rc8 19. Bh3 Qf7 20. Qe2 Bb4 21. Nfd2 Rfe8
22. Qxa6 e5 23. Bxd7 Qxd7 24. Be3 exd4 25. Bf4 Ne5 26. Qxb6 Nd3 27. Rxe8 Rxe8
28. Qxd4 Qf5 29. Be3 Ne7 30. Nc1 Ne1 31. Ncb3 Bxd2 32. Rxe1 Bxe1 33. Kf1 Nc6
34. Qc5 Qd7 35. Nd4 Ne5 36. Qb6 Nd3 37. Qxf6+ Qg7 38. Qxg7+ Kxg7 39. Ke2 Nxf2
40. Kxe1 Ng4 0-1

[Event "Wijk aan Zee II"]
[Site "?"]
[Date "1983.??.??"]
[Round "3"]
[White "Van der Sterren, Paul"]
[Black "Kuijf, Marinus"]
[Result "1-0"]
[WhiteElo "2460"]
[BlackElo "2385"]
[PlyCount "145"]
[EventDate "1983.??.??"]

1. d4 d5 2. c4 c6 3. Nf3 Nf6 4. Nc3 e6 5. Bg5 dxc4 6. e4 b5 7. e5 h6 8. Bh4 g5
9. Nxg5 hxg5 10. Bxg5 Nbd7 11. exf6 Bb7 12. g3 c5 13. d5 Bh6 14. Bxh6 Rxh6 15.
Bg2 Nxf6 16. Nxb5 Bxd5 17. O-O Rb8 18. Nc3 Bxg2 19. Kxg2 Rxb2 20. Qf3 Nd5 21.
Rad1 Qf6 22. Qe4 Qf5 23. Qxf5 Ne3+ 24. Kg1 Nxf5 25. Rb1 Rc2 26. Ne4 Rxa2 27.
Rfc1 Nd4 28. Rxc4 Nf3+ 29. Kg2 Nd2 30. Rb8+ Ke7 31. Rb7+ Kf8 32. Nxd2 Rxd2 33.
Rf4 Rh7 34. Rxa7 Rd5 35. Rc7 Kg8 36. Rf6 Rdh5 37. h4 Rd5 38. Kh3 Rdh5 39. Rf3
Kf8 40. Rc3 Rf5 41. f3 Rfh5 42. R3xc5 Rxc5 43. Rxc5 Kg7 44. g4 Rh8 45. h5 Rb8
46. g5 Rb7 47. Rc8 Rb5 48. Kg4 Rb4+ 49. Kg3 Rb5 50. f4 Rb3+ 51. Kg4 Rb5 52. h6+
Kh7 53. Rf8 Rf5 54. Kg3 e5 55. fxe5 Rxg5+ 56. Kf4 Kxh6 57. Rxf7 Rg1 58. Kf5
Rf1+ 59. Ke6 Ra1 60. Kf6 Rf1+ 61. Ke7 Ra1 62. Rf8 Kg7 63. Rd8 Ra5 64. e6 Ra7+
65. Kd6 Ra6+ 66. Ke7 Ra7+ 67. Rd7 Ra8 68. Rb7 Kg6 69. Rd7 Kg7 70. Rd6 Rb8 71.
Rd8 Rb7+ 72. Kd6 Rb6+ 73. Kd7 1-0

[Event "Wijk aan Zee II"]
[Site "?"]
[Date "1983.??.??"]
[Round "4"]
[White "Bohm, Hans"]
[Black "Votruba, Pavel"]
[Result "1/2-1/2"]
[WhiteElo "2380"]
[BlackElo "2330"]
[PlyCount "52"]
[EventDate "1983.??.??"]

1. d4 e6 2. c4 d5 3. cxd5 exd5 4. Nc3 c6 5. Qc2 g6 6. Nf3 Bf5 7. Qb3 Qb6 8. Qa4
Nf6 9. e3 Bd6 10. Qd1 O-O 11. Bd3 Bxd3 12. Qxd3 Nbd7 13. O-O Rae8 14. Nd2 Qc7
15. h3 Re6 16. e4 Nxe4 17. Ndxe4 dxe4 18. Nxe4 Rfe8 19. Ng5 R6e7 20. Bd2 Nf6
21. Rfe1 Nd5 22. g3 Bb4 23. Rxe7 Rxe7 24. Kg2 Qa5 25. Bc1 Nf6 26. Nf3 Re6
1/2-1/2

[Event "Wijk aan Zee II"]
[Site "?"]
[Date "1983.??.??"]
[Round "4"]
[White "Franco, Zenon"]
[Black "Van der Sterren, Paul"]
[Result "0-1"]
[WhiteElo "2500"]
[BlackElo "2460"]
[PlyCount "78"]
[EventDate "1983.??.??"]

1. d4 Nf6 2. c4 e6 3. Nf3 b6 4. a3 Bb7 5. Nc3 d5 6. cxd5 Nxd5 7. Qc2 c5 8. e4
Nxc3 9. bxc3 Nd7 10. Bd3 Qc7 11. Bb2 cxd4 12. cxd4 Qxc2 13. Bxc2 Rc8 14. Bd3
Be7 15. O-O O-O 16. Rfd1 Rfd8 17. Rd2 Nb8 18. Rad1 Bf6 19. h4 Bc6 20. Bc2 Bb5
21. g4 g6 22. Kg2 Nc6 23. e5 Be7 24. d5 exd5 25. Rxd5 Rxd5 26. Rxd5 Nb4 27.
Rxb5 Rxc2 28. Ba1 Nd3 29. Bd4 Bxa3 30. Rb3 Nf4+ 31. Kh2 Bc5 32. Bxc5 Rxc5 33.
g5 Kg7 34. Kg3 Ne6 35. Rd3 a5 36. Rd6 b5 37. Ra6 a4 38. Ra8 Rc3 39. Kg4 Rd3 0-1

[Event "Wijk aan Zee II"]
[Site "?"]
[Date "1983.??.??"]
[Round "4"]
[White "Kuijf, Marinus"]
[Black "Nijboer, Friso"]
[Result "1/2-1/2"]
[WhiteElo "2385"]
[BlackElo "2285"]
[PlyCount "81"]
[EventDate "1983.??.??"]

1. e4 Nf6 2. e5 Nd5 3. d4 d6 4. Nf3 dxe5 5. Nxe5 g6 6. Bc4 Be6 7. Nd2 Bg7 8.
Ne4 Bxe5 9. dxe5 Nc6 10. Bb3 Ndb4 11. Bxe6 fxe6 12. a3 Qxd1+ 13. Kxd1 O-O-O+
14. Bd2 Nd5 15. Ng5 Nxe5 16. Re1 Nc4 17. Nf7 Nde3+ 18. Rxe3 Rxd2+ 19. Ke1 Rg8
20. Rxe6 Rxc2 21. Rxe7 Nxb2 22. Kf1 Rf8 23. f3 Rc5 24. Rb1 Nc4 25. Rd1 b5 26.
Rd3 a5 27. h4 b4 28. axb4 axb4 29. Ke2 Kb7 30. Rb3 Rb5 31. Kd3 Rxf7 32. Kxc4
Rff5 33. Rxb4 Rxb4+ 34. Kxb4 Rf4+ 35. Kc5 Rxh4 36. g4 Rh1 37. Rf7 h5 38. Kd5
Rg1 39. gxh5 gxh5 40. f4 h4 41. Rh7 1/2-1/2

[Event "Wijk aan Zee II"]
[Site "?"]
[Date "1983.??.??"]
[Round "4"]
[White "Sowray, Peter J"]
[Black "Ligterink, Gert"]
[Result "0-1"]
[WhiteElo "2325"]
[BlackElo "2440"]
[PlyCount "80"]
[EventDate "1983.??.??"]

1. e4 c5 2. Nf3 e6 3. d3 Nc6 4. g3 d5 5. Nbd2 Bd6 6. Bg2 Nge7 7. O-O O-O 8. Nh4
b6 9. f4 f6 10. f5 dxe4 11. Nxe4 exf5 12. Nxd6 Qxd6 13. Bf4 Qd4+ 14. Kh1 Be6
15. Re1 Qd7 16. Nf3 Rae8 17. Qd2 Bd5 18. c4 Bxf3 19. Bxf3 Nd4 20. Bg2 Ng6 21.
Be3 Ne5 22. Bd5+ Kh8 23. Rf1 Ng4 24. Bxd4 cxd4 25. Rf4 Re5 26. Rxd4 Rfe8 27.
Qc3 Nf2+ 28. Kg2 f4 29. Rxf4 Qh3+ 30. Kg1 Ng4 31. Rxg4 Qxg4 32. Rf1 Re3 33. Qa3
Re2 34. Bg2 Qd4+ 35. Kh1 Re1 36. Qa4 Qxd3 37. Kg1 Qe3+ 38. Kh1 Rxf1+ 39. Bxf1
Qf3+ 40. Kg1 Re1 0-1

[Event "Wijk aan Zee II"]
[Site "?"]
[Date "1983.??.??"]
[Round "4"]
[White "Van Wijgerden, Cor"]
[Black "Trois, Francisco RT"]
[Result "1-0"]
[WhiteElo "2440"]
[BlackElo "2395"]
[PlyCount "107"]
[EventDate "1983.??.??"]

1. e4 g6 2. d4 Bg7 3. Nc3 d6 4. Nge2 c6 5. g3 Nf6 6. Bg2 O-O 7. O-O e5 8. h3 a5
9. Be3 a4 10. Qd2 Re8 11. Rad1 Nbd7 12. g4 h5 13. g5 Nh7 14. b3 axb3 15. axb3
Bf8 16. h4 Qc7 17. f4 exf4 18. Nxf4 Bg7 19. Rf2 Ndf8 20. Rdf1 Bg4 21. Nd3 Re7
22. Nb2 Rae8 23. Qd3 Qd8 24. Nc4 b5 25. Nd2 Qa5 26. Ncb1 Ne6 27. c3 c5 28. d5
Nef8 29. Bf4 Rd8 30. Qg3 Qb6 31. Kh1 Rdd7 32. Na3 Qa5 33. Ndb1 Be5 34. Bxe5
Rxe5 35. c4 b4 36. Nb5 Qb6 37. Nd2 Rde7 38. Rf4 Bd7 39. Qd3 Be8 40. Nf3 Nd7 41.
Bh3 Nhf8 42. Ra1 Qb8 43. Ra6 Nb6 44. Nxe5 Rxe5 45. Qf1 Nh7 46. Qa1 Bxb5 47.
cxb5 Re7 48. Bg2 Nf8 49. Qf6 Nc8 50. Rc6 Rc7 51. Qd8 Rxc6 52. dxc6 c4 53. bxc4
b3 54. Rf1 1-0

[Event "Wijk aan Zee II"]
[Site "?"]
[Date "1983.??.??"]
[Round "5"]
[White "Ligterink, Gert"]
[Black "Kuijf, Marinus"]
[Result "1-0"]
[WhiteElo "2440"]
[BlackElo "2385"]
[PlyCount "89"]
[EventDate "1983.??.??"]

1. d4 d5 2. c4 c6 3. Nf3 Nf6 4. Nc3 e6 5. Qd3 dxc4 6. Qxc4 b6 7. g3 Be7 8. Bg2
b5 9. Qb3 b4 10. Na4 Nbd7 11. Qc2 Bb7 12. O-O Rc8 13. Nd2 Qa5 14. Nc4 Qb5 15.
Bf4 c5 16. Bxb7 Qxb7 17. Rac1 Qa6 18. Nxc5 Nxc5 19. dxc5 Rxc5 20. Bd6 Rc6 21.
Bxe7 Kxe7 22. Qb3 Rb8 23. Ne5 Rcc8 24. Rxc8 Qxc8 25. Qe3 Rb7 26. Rc1 Rc7 27.
Qxa7 Rxa7 28. Rxc8 Rxa2 29. Nd3 Nd5 30. Rb8 f5 31. Rb7+ Kf6 32. f4 g5 33. Rxh7
gxf4 34. gxf4 Kg6 35. Rb7 Kh5 36. Kf2 Kg6 37. e3 Ra1 38. Ne5+ Kh6 39. Nd7 Rb1
40. Nf8 Nf6 41. Rxb4 Rh1 42. Rb7 e5 43. Kg2 Re1 44. fxe5 Ng4 45. Rh7+ 1-0

[Event "Wijk aan Zee II"]
[Site "?"]
[Date "1983.??.??"]
[Round "5"]
[White "Nijboer, Friso"]
[Black "Franco, Zenon"]
[Result "1/2-1/2"]
[WhiteElo "2285"]
[BlackElo "2500"]
[PlyCount "103"]
[EventDate "1983.??.??"]

1. c4 Nf6 2. Nc3 d5 3. cxd5 Nxd5 4. g3 c5 5. Bg2 Nc7 6. b3 e5 7. Bb2 Be7 8. Rc1
f6 9. Nh3 O-O 10. f4 Nc6 11. Nf2 exf4 12. gxf4 Bd7 13. O-O Rc8 14. Nd3 b6 15.
Ne4 f5 16. Ng3 Qe8 17. e3 Bf6 18. Qc2 Kh8 19. Rce1 Nb5 20. Bxf6 Rxf6 21. Qb2
Rf8 22. Rf2 Rd8 23. Ne5 Nxe5 24. fxe5 Be6 25. Ref1 Qd7 26. Bh3 g6 27. Ne4 Qe7
28. a4 Nc7 29. Nd6 Qg7 30. d4 Qh6 31. Rf3 cxd4 32. Qxd4 Qg7 33. Rc1 Rd7 34. Rf2
Ne8 35. Rd2 Nxd6 36. exd6 Qxd4 37. Rxd4 Rfd8 38. Rc6 Kg7 39. b4 Bb3 40. a5 Ba4
41. Rc7 Kf6 42. Bf1 Ke5 43. a6 Bb3 44. Bb5 Rxc7 45. dxc7 Rc8 46. Rd7 h5 47. Rd3
Be6 48. Rc3 g5 49. Kf2 h4 50. Rc1 g4 51. Rc3 Kd6 52. Rc6+ 1/2-1/2

[Event "Wijk aan Zee II"]
[Site "?"]
[Date "1983.??.??"]
[Round "5"]
[White "Trois, Francisco RT"]
[Black "Sowray, Peter J"]
[Result "1-0"]
[WhiteElo "2395"]
[BlackElo "2325"]
[PlyCount "79"]
[EventDate "1983.??.??"]

1. Nf3 d5 2. c4 d4 3. g3 g6 4. d3 Bg7 5. Bg2 e5 6. O-O Ne7 7. b4 O-O 8. Nbd2 a5
9. b5 c5 10. bxc6 Nbxc6 11. Rb1 h6 12. Ba3 Nb4 13. Bxb4 axb4 14. Rxb4 Rxa2 15.
Qb3 Ra7 16. Rb1 Kh7 17. Ne1 Nc6 18. Ra4 Rxa4 19. Qxa4 Qc7 20. Qb5 f5 21. Qb6
Qe7 22. Rb5 e4 23. dxe4 d3 24. Nxd3 Bc3 25. Nb3 fxe4 26. Nf4 Qe8 27. Qe3 Be5
28. Bxe4 Bxf4 29. gxf4 Qf7 30. Qg3 Ne7 31. Re5 Ng8 32. Bd3 Ne7 33. Nd4 Rd8 34.
Qe3 Ng8 35. f5 g5 36. Ne6 Rd7 37. Qc5 Qh5 38. Nf8+ Kh8 39. Nxd7 Bxd7 40. Re3
1-0

[Event "Wijk aan Zee II"]
[Site "?"]
[Date "1983.??.??"]
[Round "5"]
[White "Van der Sterren, Paul"]
[Black "Bohm, Hans"]
[Result "0-1"]
[WhiteElo "2460"]
[BlackElo "2380"]
[PlyCount "96"]
[EventDate "1983.??.??"]

1. e4 e6 2. d4 d5 3. Nc3 Bb4 4. e5 Ne7 5. Nf3 c5 6. a3 Bxc3+ 7. bxc3 Nbc6 8.
Bd3 c4 9. Be2 Bd7 10. Ng5 h6 11. Nh3 Ng6 12. Bh5 Nce7 13. Rb1 Qc7 14. O-O O-O-O
15. f4 Kb8 16. Nf2 Be8 17. Nh1 Rg8 18. Qe1 Qd7 19. Bg4 f5 20. exf6 Nf5 21. fxg7
Rxg7 22. Nf2 Qd6 23. g3 Ba4 24. Qe2 Rdg8 25. Kh1 a5 26. Bf3 Ka7 27. Ng4 b6 28.
Ne5 Nf8 29. g4 Nh4 30. h3 h5 31. g5 Nf5 32. Kh2 h4 33. Rg1 Ng6 34. Rg2 Nge7 35.
Bg4 Be8 36. Qe1 Ng3 37. Nf3 Ne4 38. Kg1 Ng6 39. Ne5 Rf8 40. Nxg6 Bxg6 41. Qxh4
Rh7 42. Qe1 Rfh8 43. Rh2 Bh5 44. Bxh5 Rxh5 45. h4 Qf8 46. Be3 Qf5 47. Bf2 Qxf4
48. Qc1 Rxg5+ 0-1